STUDY ON THE FARMERS' PERCETION OF LOSSES AND LOSS MANAGEMENT STRATEGY IN POST HARVEST OF RICE YIELD IN KAMPONG SPEU PROVINCE.​សិក្សាផ្នត់គំនិតកសិករលើការបាត់បង់ទិន្នផលស្រូវនិងយុទ្ធសាស្ត្រនៃការគ្រប់គ្រងនៃការបាត់បង់ក្រោយពេលប្រតិបត្តិការប្រមូលផលស្រូវក្នុងខេត្តកំពង់ស្ពឺ (Record no. 21813)

000 -LEADER
fixed length control field 00877nam a22001217a 4500
040 ## - CATALOGING SOURCE
Transcribing agency RUA
100 ## - MAIN ENTRY--AUTHOR NAME
Personal name NHOU CHANTHOU. ញ៉ូ ចន្ចូ
245 ## - TITLE STATEMENT
Title STUDY ON THE FARMERS' PERCETION OF LOSSES AND LOSS MANAGEMENT STRATEGY IN POST HARVEST OF RICE YIELD IN KAMPONG SPEU PROVINCE.​សិក្សាផ្នត់គំនិតកសិករលើការបាត់បង់ទិន្នផលស្រូវនិងយុទ្ធសាស្ត្រនៃការគ្រប់គ្រងនៃការបាត់បង់ក្រោយពេលប្រតិបត្តិការប្រមូលផលស្រូវក្នុងខេត្តកំពង់ស្ពឺ
260 ## - PUBLICATION, DISTRIBUTION, ETC. (IMPRINT)
Place of publication Phnom Penh
300 ## - PHYSICAL DESCRIPTION
Number of Pages XI.53P
Other physical details VIII.
Dimensions 29CM
856 ## - ELECTRONIC LOCATION AND ACCESS
Uniform Resource Identifier https://drive.google.com/file/d/1MtCsP0v-SEYc4i5hctofKXTJXj2E277v/view?usp=sharing
942 ## - ADDED ENTRY ELEMENTS (KOHA)
Koha item type MNR
952 ## - LOCATION AND ITEM INFORMATION (KOHA)
Withdrawn status [LOCAL, KOHA] 0
952 ## - LOCATION AND ITEM INFORMATION (KOHA)
Withdrawn status [LOCAL, KOHA] 0
Holdings
Permanent Location Date acquired Koha item type Lost status Shelving location Barcode Current Location Full call number
Library Block B2023-09-01MNR B429a073739Library Block BMNR NHO 2020 B429 Or.
Library Block B2023-09-01MNR B429a074142Library Block BMNR NHO 2020 B429 Or.
មជ្ឈមណ្ឌលឯការនៃសាកលវិទ្យាល័យភូមិន្ទកសិកម្មចំការដូង

Powered by Koha